Rubberwood utilization- Regulatory aspects (Record no. 48146)
[ view plain ]
| 000 -LEADER | |
|---|---|
| fixed length control field | 00994nam a2200133Ia 4500 |
| 100 ## - MAIN ENTRY--AUTHOR NAME | |
| Personal name | Seng O M |
| 245 #0 - TITLE STATEMENT | |
| Title | Rubberwood utilization- Regulatory aspects |
| 260 ## - PUBLICATION, DISTRIBUTION, ETC. (IMPRINT) | |
| Name of publisher | Proceedings of the Rubberwood Utilization Seminar, Kuala Lumpur, 1982; p71-77 |
| Year of publication | 1982 |
| 520 ## - SUMMARY, ETC. | |
| Summary, etc | The present restrictions and regulations governing the interstate movement of rubberwood and its processing in Peninsular Malaysia are discussed. Such regulations are necessary in order to encourage the orderly development of the industry. It is pointed out that a uniform rate of royalty assessment is needed to encourage a more even distribution of the rubberwood processing mills in the various states. As policies and regulations differ in the different states of Peninsular Malaysia, interested entrepreneurs are advised to consult the relevent bodies for details in setting up processing plants. |
| 650 ## - SUBJECT ADDED ENTRY--TOPICAL TERM | |
| Topical Term | Rubberwood |
| 650 ## - SUBJECT ADDED ENTRY--TOPICAL TERM | |
| Topical Term | Rubberwood processing |
| 942 ## - ADDED ENTRY ELEMENTS (KOHA) | |
| Koha item type | Bibliography RLWO |
| Withdrawn status | Lost status | Damaged status | Not for loan | Home library | Current library | Date acquired | Koha item type |
|---|---|---|---|---|---|---|---|
| Bibliography | RRII Library | RRII Library | 31/12/2021 | Bibliography RLWO |